Вып. 27 : Детальные инженерно-сейсмологические исследования; Вопросы инженерной сейсмологии

Bibliografiske detaljer
Parent link:Вопросы инженерной сейсмологии: сборник научных трудов/ Академия наук СССР (АН СССР), Институт физики Земли им. О. Ю. Шмидта (ИФЗ). Вып. 27 : Детальные инженерно-сейсмологические исследования.— , 1958-1993
Andre forfattere: Попова Е. В. (редактор)
Sprog:russisk
Udgivet: 1986
Fag:
Format: MixedMaterials Bog
KOHA link:https://koha.lib.tpu.ru/cgi-bin/koha/opac-detail.pl?biblionumber=266781

MARC

LEADER 00000nam2a2200000 4500
001 266781
005 20231101234030.0
035 |a (RuTPU)RU\TPU\book\289801 
090 |a 266781 
100 |a 20140715d1986 k y0rusy50 ca 
101 0 |a rus 
102 |a RU 
105 |a a z 001zy 
200 0 |a Вып. 27 : Детальные инженерно-сейсмологические исследования  |f отв. ред. Е. В. Попова 
210 |d 1986 
215 |a 215 с.  |c ил. 
320 |a Библиография в конце статей 
461 1 |0 (RuTPU)RU\TPU\book\26710  |t Вопросы инженерной сейсмологии  |o сборник научных трудов  |f Академия наук СССР (АН СССР), Институт физики Земли им. О. Ю. Шмидта (ИФЗ)  |v Вып. 27 : Детальные инженерно-сейсмологические исследования  |d 1958-1993  |s Труды института физики Земли 
606 1 |a Инженерная сейсмология  |2 stltpush  |3 (RuTPU)RU\TPU\subj\12578  |9 39341 
610 1 |a землетрясения 
610 1 |a грунты 
610 1 |a колебания 
610 1 |a параметры 
610 1 |a исследование 
610 1 |a точечные объекты 
610 1 |a сейсмическая опасность 
610 1 |a спектры 
610 1 |a сейсмическое районирование 
610 1 |a СССР 
610 1 |a Румыния 
610 1 |a остаточные сейсмодеформации 
675 |a 699.841  |v 4 
702 1 |a Попова  |b Е. В.  |4 340 
801 1 |a RU  |b 63413507  |c 20140715 
801 2 |a RU  |b 63413507  |c 20151016  |g RCR 
942 |c BK